01475nam a22003737a 4500003000500000005001700005008004100022010001000063011001000073035001000083040000900093090001000102100003900112245023100151260002700382300001000409502008500419590003700504590004100541590004100582590004100623590004100664590004200705650002300747650003500770650003500805650003200840650003300872901000700905942001000912949003500922999001700957952012700974CHAP20220817041408.0971013s1981 r 00010 d a13230 a14202 a18275 cCHAP aTesis00aGómez González, Samuel.949724 aEvaluación sobre el rendimiento y calidad de fruto de 5 fungicidas y 2 espaciamientos entre plantas en la incidencia de los tizones temprano y tardío del tomate (Lycopersicon esculentum Mill) en la regiónde Marín, N.L. aMonterrey, N.L.,c1981 a70 h. aTesis (Ing. Agrónomo) -- Univ. Autónoma de Nuevo León. Fac. de Agronomía aALEPHb10c20130110lUCH01h1232 aBATCH-UPDb10c20130110lUCH01h0129 aBATCH-UPDb10c20130110lUCH01h1118 aBATCH-UPDb10c20130409lUCH01h2124 aBATCH-UPDb10c20130914lUCH01h0302 aCONVERSIONb10c20130109lUCH01h130914aAlternaria solani.14aPhytophthora infestans.98792514aTomatexEspaciamiento.911371614aTomatexFungicidas.911372514aTomatexRendimiento.9113761 aBK cTESIS bBCcTESd-42671eTS1i18275si c13230d13230 00102local4051708TESISaBCbBCcPA_TESISd2012-12-17fTESISl0oTesisp-42671r2019-12-31 00:00:00w2019-12-31yTESIS